LEADER 03112nam 2200493I 450 001 9910794828603321 005 20190626093107.0 010 $a1-350-98993-2 010 $a1-78672-073-6 010 $a1-78673-073-1 024 7 $a10.5040/9781350989931 035 $a(CKB)4340000000188930 035 $a(MiAaPQ)EBC4898799 035 $a(OCoLC)1114471704 035 $a(UkLoBP)a00000015 035 $a(EXLCZ)994340000000188930 100 $a20160926d2019 uy 0 101 0 $aeng 135 $aurcnu|||||||| 181 $2rdacontent 182 $2rdamedia 183 $2rdacarrier 200 10$aYugoslavia and Macedonia before Tito $ebetween repression and integration /$fNada Bos?kovska 210 1$aLondon :$cBloomsbury Publishing,$d2019. 215 $a1 online resource (379 pages) $cillustrations, maps 225 1 $aPolitics & international relations 311 $a0-7556-0102-5 311 $a1-78453-338-6 320 $aIncludes bibliographical references and index. 330 $a"Held together by apparatchiks and, later, Tito's charisma, Yugoslavia never really incorporated separate Balkan nationalisms into the Pan-Slavic ideal. Macedonia - frequently ignored by Belgrade - had survived centuries of Turkish domination, Bulgarian invasion and Serbian assimilation before it became part of the Yugoslav project in the aftermath of the First World War. Drawing on an extensive analysis of archival material, private correspondence, and newspaper articles, Nada Boskovska provides an arresting account of the Macedonian experience of the interwar years, charting the growth of political consciousness and the often violent state-driven attempts to curb autonomy. Sketching the complex picture of nationalism within a multi-ethnic, but unitarist state through a comprehensive analysis of policy, economy, and education, Yugoslavia and Macedonia before Tito is the first book to describe the uneasy and often turbulent relationship between a Serbian-dominated government and an increasingly politically aware Macedonian people. Concerned with the question of integration and political manipulation, Boskovska gives credence to voices critical of Royal Yugoslavia and offers a fresh insight into domestic policy and the Macedonian question, going beyond traditional high politics. Broadening the spectrum of discussion and protest, she reveals the voices of a people protesting constitutional and electoral fraud, the neglect of local needs and state machinations designed to create a satellite province."--Bloomsbury Publishing. 410 0$aPolitics & international relations (Bloomsbury Publishing) 606 $aPolitics & International Relations 606 $2European history 607 $aNorth Macedonia$xHistory 607 $aYugoslavia$xHistory$y1918-1945 615 4$aPolitics & International Relations 676 $a949.7021 700 $aBos?kovska Leimgruber$b Nada$01476405 801 0$bUkLoBP 801 1$bUkLoBP 906 $aBOOK 912 $a9910794828603321 996 $aYugoslavia and Macedonia before Tito$93691038 997 $aUNINA